Quiz o Wenus - Statystyki

Ogólne statystyki
  • Ten quiz został rozwiązany 190 razy
  • Średni wynik to 10 z 15
Statystyki odpowiedzi
Wskazówka Odpowiedź % Poprawnych
Liczba księżyców Wenus 0
98%
Symbol Wenus ♀ jest również symbolem ... Płci żeńskiej
85%
Greckie określenie tej samej rzeczy, dziś nazwa pierwiastka o symbolu P Fosfor
79%
Greckie imię rzymskiej bogini Wenus Afrodyta
78%
Dlaczego Wenus jest najgorętszą planetą w Układzie Słonecznym Przez efekt {cieplarniany}
78%
Forma przymiotnikowa Marsa to Marsjański. Jaka jest forma przymiotnikowa Wenus? Wenusjański
78%
Wenus jest jedyną planetą, którą można zobaczyć z Ziemi w ... Jasny dzień
71%
Państwo, które w 1975 r. jako pierwsze wylądowało na powierzchni Wenus Związek Radziecki
71%
Termin oznaczający Wenus pojawiającą się na wschodzie tuż przed wschodem słońca Gwiazda {Poranna}
66%
Gaz stanowiący 96% atmosfery Wenus Dwutlenek węgla
64%
Kapitan statku, który w 1768 roku popłynął na Tahiti, aby obserwować jedno z powyższych zjawisk Kapitan Cook
52%
Część Wenus, na której prawdopodobnie mogą żyć mikroorganizmy Atmosfera
43%
Łaciński termin oznaczający powyższe, oznaczający „niosącego światło”, kojarzony z upadłym aniołem Lucifer
39%
Amerykańska sonda, która w 1962 r. przeleciała obok Wenus, była pierwszą udaną misją międzyplanetarną {Mariner} 2
32%
Termin oznaczający rzadkie zjawisko, gdy Wenus przechodzi bezpośrednio między Ziemią a Słońcem {Tranzyt} Wenus
31%
Nie znaleziono quizów pasujących do podanych kryteriów
Rozkład punktacji
Procent ludzi z każdym wynikiem
Percentyl według liczby udzielonych odpowiedzi
Twoja historia wyników
Nie rozwiązałeś tego quizu